000
002160000a22000970004500
100
1
_a
Swincer, Graeme
245
1
0
_a
As the father sent me
300
_a
Núm 9 (1985), Páginas 24-25
773
0
_t
Together
942
_c
ANA
999
_c
56953
_d
56953